000 00674nam a22002297a 4500
003 dpl
005 20180524163324.0
008 080820t xxu||||| |||| 00| 0 eng d
010 _aB-230979
020 _c750.00
035 _aB-230979
037 _bBPPD/PUB
040 _c0
082 _a954.11
100 _aIrvine, A. A
245 _aGhadr party's: Lahore conspiracy case/
_cby A. A. Irvine
_b1915 Judgment
260 _aMeerut
_bArchana Publications
_c2006
270 _a286, Chanakya Puri, Sadar
_bMeerut
_e250001
300 _axv, 560p.
_c20cm. (Hb)
650 _aHistory
_zKashmir
942 _adpl
_cEN
_k954.0841 / IRV
_2ddc
_h954. 0841
_mIRV
999 _c152258
_d152258